Teoría microeconomica: principios básicos y aplicaciones (Registro nro. 1069)
[ vista simple ]
| 000 -Cabecera | |
|---|---|
| Campo de control de longitud fija | 00818aam a2200325 4500 |
| 005 - Fecha y hora de la última transacción | |
| Campo de control | 20250818143956.0 |
| 008 - Elementos de longitud fija--Información general | |
| Campo de control de longitud fija | 150406b1997 xxu||||| |||| 00| 0 spa d |
| 041 ## - Idioma | |
| Código de idioma | Español |
| 082 ## - Clasificación Decimal Dewey | |
| Número de clasificación | 338.5 N657t |
| 100 ## - Entrada principal--Autor personal | |
| Nombre personal | Nicholson, Walter |
| 9 (RLIN) | 22606 |
| 245 ## - Título propiamente dicho | |
| Título | Teoría microeconomica: principios básicos y aplicaciones |
| 250 ## - Edición | |
| Mención de edición | 6 edición |
| 260 ## - Pie de imprenta | |
| Lugar de publicación, distribución, etc. | España |
| 260 ## - Pie de imprenta | |
| Nombre del editor, distribuidor, etc. | McGraw-Hill |
| 260 ## - Pie de imprenta | |
| Fecha de publicación, distribución, etc. | 1997 |
| 300 ## - Descripción física | |
| Extensión | 599 páginas |
| 490 ## - Serie | |
| Título de la Serie | Dirección y Administración de Empresas |
| 650 ## - Materia general | |
| Temática (materia general) | MICROECONOMIA |
| 650 ## - Materia general | |
| Temática (materia general) | MODELOS ECONOMICOS |
| 650 ## - Materia general | |
| Temática (materia general) | DEMANDA |
| 650 ## - Materia general | |
| Temática (materia general) | RENTA |
| 650 ## - Materia general | |
| Temática (materia general) | OFERTA |
| 650 ## - Materia general | |
| Temática (materia general) | PRECIOS |
| 650 ## - Materia general | |
| Temática (materia general) | DINERO |
| 650 ## - Materia general | |
| Temática (materia general) | TEORIA DE LOS JUEGOS |
| 650 ## - Materia general | |
| Temática (materia general) | CAPITAL |
| 650 ## - Materia general | |
| Temática (materia general) | OFERTA DE TRABAJO |
| 650 ## - Materia general | |
| Temática (materia general) | BIENES PUBLICOS |
| 942 ## - Punto de acceso adicional KOHA | |
| Tipo de ítem KOHA | Libro |
| Fuente del sistema de clasificación o colocación | Dewey Decimal Classification |
| Signatura completa | Código de barras | Programa Académico | Tipo de ítem |
|---|---|---|---|
| 338.5 N657t | 8579 | Dirección y Administración de Empresas | Libro |